| 000 | 00768nam a22002177a 4500 | ||
|---|---|---|---|
| 999 |
_c18909 _d18909 |
||
| 003 | AR-CdUCM | ||
| 008 | 190515b ||||| |||| 00| 0 spa d | ||
| 040 |
_aMUNICIPALIDAD PROVINCIAL DEL CUSCO _cBIBLIOTECA MUNICIPAL DEL CUSCO |
||
| 082 |
_a925 / _bAL372 |
||
| 100 |
_aAlessio Robles, Vito _939825 |
||
| 245 |
_aAlejandro De Humboldt : _bSu vida y su obra / |
||
| 260 |
_aMéxico : _bSecretaria de educacion publica, _c1945. |
||
| 300 |
_a94 páginas ; _c21 cm. |
||
| 440 |
_aBiblioteca enciclopédica popular _n49 _939826 |
||
| 505 | _aContenido : Arribo de humboldt y de Bonpland -- En comunión con los astros -- Humboldt en España... | ||
| 650 |
_aBiografía _922 |
||
| 650 |
_aObras _96865 |
||
| 650 |
_aLiteratura _983 |
||
| 942 |
_2ddc _cLIBROS |
||
| 945 | _arcc | ||